01529nam a22003257a 450000500170000000800410001704000430005804100180010104900120011909700090013109900320014010000430017224502670021524601750048226400100065730000460066733600220071333700250073533800230076050200450078350400340082865300160086270000430087870000390092170000420096090001510100290500200115394200190117399900110119220260421105159.0260421s1995 ua a|||frm||| 000 0 eng d aEG-GICUCbengcEG-GICUCdEG-GICUCerda0 aengbengbara aDeposit aM.Sc aCai01.10.16.M.Sc.1995.Ha.E.0 aHanan Ahmed Tag EL-Den, epreparation.10aEffects Of Calcium Agonists And Antagonists On Some Hormonal Controlling Reproduction In Male Chicken / cBy Hanan Ahmed Tag EL-Den; Under Supervision Of Prof. Dr. Sohair Youssef Saleh, Prof. Dr.Afaf Mohamad Azoz, Dr. Nour Boctor Bishara. bRemainder of title / 15aتأثيرات معضدات ومضادات الكالسيوم على مستوى بعض الهرمونات المنظمة للتناسل في ذكور الكتاكيت / 0c1995. a133 pages : billustrations ; c30 cm. +  2rda contentatext 2rdamediaaUnmediated 2rdacarrieravolume aThesis (M.Sc.) -Cairo University, 1995.  aBibliography: pages 114-133.  0aPhysiology 0 aSohair Youssef Saleh ethesis advisor.0 aAfaf Mohamad Azozethesis advisor.0 aNour Boctor Bishara ethesis advisor. DDepartment of Physiology FFaculty of Veterinary Medicine UCairo Universityb1995cSohair Youssef Saleh cAfaf Mohamad AzozcNour Boctor Bishara  aEman El gebaly  2ddccTHe21n0 c179643